| 000 | 00505nab a2200157Ia 4500 | ||
|---|---|---|---|
| 003 | ES-SlBCS | ||
| 005 | 20210601143416.0 | ||
| 008 | 140529s1992 xxu||||| |||| 00| 0 spa d | ||
| 041 | _aspa | ||
| 100 | 1 |
_aLorente, J. _9286212 |
|
| 245 | 0 | 0 |
_aLa pluviometría en alta resolución _c J. Lorente, A. Redaño |
| 650 | 0 | 4 |
_aPluviometría _9286213 |
| 700 | 1 |
_aRedaño, A. _9286214 |
|
| 773 | 0 |
_tMundo Cientifico (Traducción de: la Recherche Scientifique) _gnº. 122, 1992, págs. 208-215 _wRev1669 |
|
| 942 | _cAR | ||
| 999 |
_c691845 _d691845 |
||